00478nam a2200193Ia 4500003000400000005001700004008004000021040000700061041000800068082001300076100001400089245006000103250000600163260005000169300001500219650001500234650001700249700001800266OSt20250715154502.0210210b1990 xxu||||| |||| 00| 0 eng d cAL aeng a658 REDP aReddy P N aPrinciples of business organization and management Ed 5 a5 aN DbEurasia Publishing House Pvt Ltd.,c1990 aviii,612p. aPrinciples aorganization aH R Appanaiah